• 首页
  • 本馆介绍
  • 公告通知
  • 最新文献
  • 馆藏检索
  • 电子资源
  • 读者导购
  • 参考咨询
  • 我的图书馆
  • 登录
  • 详细信息显示
  • 放入我的书架
  • 预约/预借图书
  • 作者相关作品
  • 分类相关作品
  • 丛书相关作品
  • 出版社相关作品

书目信息

  • 表格格式
  • 工作单格式
  • 卡片格式
题名:
语言学概论
    
 
作者: 周静 , 刘冬冰 主编
分册:  
出版信息: 开封   河南大学出版社  1999
页数: 290页
开本: 20cm
丛书名:
单 册:
中图分类: H0
科图分类:
主题词: 语言学--概论
电子资源:
ISBN: 7-81041-668-5
000 00593nam0 2200217 45
001 0408131548
005 20040813153629.3
010    @a7-81041-668-5@dCNY15.00
100    @a20040813d1999 km y0chiy0120 ea
101 0  @achi
105    @a z 000yy
200 1  @a语言学概论@AYu Yan Xue Gai Lun@f周静,刘冬冰主编@FZhou Jing,Liu Dong Bing Zhu Bian
210    @a开封@c河南大学出版社@d1999
215    @a290页@d20cm
300    @a附录
606 0  @a语言学@x概论
690    @aH0@v4
701  0 @a周静@4主编
701  0 @a刘冬冰@4主编
801    @aCN@bTSTCL@c20040813
905    @b335408-415@dH0@e113@f8
    
    语言学概论/周静,刘冬冰主编.-开封:河南大学出版社,1999
    290页;20cm
    附录
    
    ISBN 7-81041-668-5:CNY15.00
    
●
相关链接 在E读中查询图书 在五车中查询图书 在当当中查询图书 在豆瓣中查询图书


正题名:语言学概论     索取号:H0/113         预约/预借

序号 登录号 条形码 馆藏地/架位号 状态 备注
1 0335408   203354084   第四借阅区/ [索取号:H0/113] 在馆    
2 0335409   203354093   第四借阅区/ [索取号:H0/113] 在馆    
3 0335410   203354100   第四借阅区/ [索取号:H0/113] 在馆    
4 0335411   203354119   第四借阅区/ [索取号:H0/113] 在馆    
5 0335412   203354128   第四借阅区/ [索取号:H0/113] 在馆    
6 0335413   203354137   第四借阅区/ [索取号:H0/113] 在馆    
7 0335414   203354146   第四借阅区/ [索取号:H0/113] 在馆    
8 0335415   203354155   第二样本阅览室/ [索取号:H0/113] 在馆    
唐山师范学院图书馆 欢迎您!
大连网信软件有限公司© 版权所有